LEADER 00880naa a2200217 u 4500 001 000000096480 003 CaOOAMICUS 005 20070226130146.0 008 041019s1993 it u000 u ita u 020 $a8802047375 035 $a11012217 040 $aIAR$bita 100 1 $aCarugo, Adriano.$0(OLS)http://pul/name/61486 245 10$aGalileo e la nascita della comunitą scientifica europea /$cAdriano Carugo. 260 $aTorino :$bUTET,$c1993. 300 $aS. 171-192 ;$c29 cm 773 0 $aL'Italia e la formazione della civiltą europea : La cultura civile. 773 0 $tL'Italia e la formazione della civiltą europea. 1, La cultura civile$w()19288 996 $6020$a8802047375$9(OLS)http://pul/number/24663 996 $6245$aGalileo e la nascita della comunitą scientifica europea$9(OLS)http://pul/title/123357 996 $6260$aTorino :$bUTET$9(OLS)http://pul/publisher/48088 LEADER 01466nam a2200313 a 4500 001 000000140902 003 CaOOAMICUS 005 20141212132401.0 008 141212s2014 it u000 u ita r 020 $a978-88-250-3865-1 040 $aPUL$bita 082 04$a249 245 00$aVulnerabile e preziosa :$briflessioni sulla famiglia in situazione di fragilitą /$cGiovanni Del Missier (a cura) 260 $aPadova :$bEdizioni Messaggero,$c©2014$aPadova :$bFacoltą Teologica del Triveneto 300 $a229 p. ;$c24 cm 490 1 $aSophia. Episteme-Studi e ricerche ;$v09 504 $aBibliografia in nota. 650 4$aFamiglia$xMorale cattolica.$0(OLS)http://pul/subject/38149 700 1 $aDel Missier, Giovanni.$0(OLS)http://pul/name/51168 830 0$aSophia.$pEpisteme-Studi e ricerche ;$v09.$0(OLS)http://pul/title/147310 850 $aPUL 852 $aPUL$W1$xSL Religione 3$y85$m249 DELMI 1$j162671$qDDC 21$B162295$CPULBib$Z2$F162295 $H125070 $82 941 1 $a9 996 $6020$a978-88-250-3865-1$9(OLS)http://pul/number/156525 996 $6082$a249$9(OLS)http://pul/classification/1709 996 $6245$aVulnerabile e preziosa :$briflessioni sulla famiglia in situazione di fragilitą$9(OLS)http://pul/title/178272 996 $6260$aPadova :$bEdizioni Messaggero$9(OLS)http://pul/publisher/51217 996 $6260$aPadova :$bFacoltą Teologica del Triveneto$9(OLS)http://pul/publisher/80058